| 000 | 00950nam a2200253Ia 4500 | ||
|---|---|---|---|
| 003 | OSt | ||
| 005 | 20220923224633.0 | ||
| 006 | a|||||r|||| 00| 0 | ||
| 007 | ta | ||
| 008 | 220922b |||||||| |||| 00| 0 hin d | ||
| 024 | _a248,518 | ||
| 037 | _cTextual | ||
| 040 |
_aARTS _cARTS _bhin |
||
| 041 |
_2hin _ahin |
||
| 082 | _aO142,6M68x, 152K9 | ||
| 100 |
_aगोर्की, मैक्सिम; चौहान, शिवदानसिंह, अनु. _9168180 |
||
| 245 | 0 | _aव्यक्तित्व का विघटन | |
| 246 | _aVyaktitva kā vighaṭana | ||
| 260 |
_aदिल्ली _b राजकमल प्रकाशन _c1969 |
||
| 300 |
_a274पृ. _ccm. |
||
| 650 | _aरशियन साहित्य | ||
| 942 |
_hO142,6M68x, 152K9 _cTEXL _2CC |
||
| 999 |
_c372686 _d372686 |
||